000 00381nam a22001457a 4500
020 _a9780137614875
040 _cNust
082 _a629.13235
_bBER
100 _aJohn J. Bertin
_952188
245 _aAerodynamics for engineering
250 _a3rd Edition
260 _aNew Jersey:
_bPrentice Hall,
_c1998.
650 _aAerodynamics for engineering
_9127359
942 _2ddc
_cBK
999 _c612500
_d612500